ناول کیىا ہے : یعنى ناول نگارى کا ٹىکنىک / Nāvil kiyā hai : yaʻnī nāvil nigārī kā ṭeknīk / (Record no. 85130)
[ view plain ]
| 000 -LEADER | |
|---|---|
| fixed length control field | 00882nam a22001937a 4500 |
| 001 - CONTROL NUMBER | |
| control field | 85130 |
| 003 - CONTROL NUMBER IDENTIFIER | |
| rucl marc code | BD-RjUL |
| 005 - DATE AND TIME OF LATEST TRANSACTION | |
| control field | 20250708101643.0 |
| 008 - FIXED-LENGTH DATA ELEMENTS--GENERAL INFORMATION | |
| fixed length control field | 250708s1962 ii||||| |||| 00| 0 urd d |
| 035 ## - SYSTEM CONTROL NUMBER | |
| System control number | (BD-RjUL)85130 |
| 040 ## - CATALOGING SOURCE | |
| Original cataloging agency | BD-RjUL |
| Language of cataloging | eng |
| Transcribing agency | BD-RjUL |
| 041 ## - LANGUAGE CODE | |
| Language code of text/sound track or separate title | urd |
| 082 ## - DEWEY DECIMAL CLASSIFICATION NUMBER | |
| Edition number | 23 |
| Classification number | 891.439209 |
| Author mark and year | FAN 1962 |
| 100 ## - MAIN ENTRY--PERSONAL NAME | |
| Personal name | فاروقى، محمد احسن ;; Farooqi, Muhammad Ahsan |
| 9 (RLIN) | 15904 |
| 245 10 - TITLE STATEMENT | |
| Title | ناول کیىا ہے : یعنى ناول نگارى کا ٹىکنىک / Nāvil kiyā hai : yaʻnī nāvil nigārī kā ṭeknīk / |
| Statement of responsibility, etc. | :از محمد احسن فاروقى و سىّد نورالحسن ہاشمى., Muḥammad Aḥsan Fārūqī / az Muḥammad Aḥsan Fārūqī va Sayyid Nūrulḥasan Hāshmī. |
| 650 ## - SUBJECT ADDED ENTRY--TOPICAL TERM | |
| Topical term or geographic name as entry element | Fiction Technique |
| 9 (RLIN) | 15908 |
| 700 ## - ADDED ENTRY--PERSONAL NAME | |
| Personal name | Hashmi, Syed Noorul Hassan ;; ہاشمى، سىّد نورالحسن |
| 942 ## - ADDED ENTRY ELEMENTS (KOHA) | |
| Source of classification or shelving scheme | Dewey Decimal Classification |
| Koha item type | Books |
| Lost status | Source of classification or shelving scheme | Damaged status | Not for loan | Collection code | Permanent Location | Current Location | Shelving location | Date acquired | Source of acquisition | Cost, normal purchase price | Total Checkouts | Full call number | Date last seen | Copy number | Koha item type |
|---|---|---|---|---|---|---|---|---|---|---|---|---|---|---|---|
| Dewey Decimal Classification | Not For Loan | Non-fiction | Central Library, University of Rajshahi | Central Library, University of Rajshahi | Reading Room | 13/10/1971 | Sh. Mubarak ali | 4.30 | U 891.439209 FAN 1962 | 08/07/2025 | C-1 | Books |